Statistiques concernant Films d’animation issus de Dragon Ball Z

Cliquez ici pour prendre le quiz!

Statistiques générales

  • Ce quiz a été pris 89 fois
  • Le résultat moyen est 6 sur 13

Statistiques - réponses

Année de SortieRéponse% Correct
1993Broly le super guerrier
76%
1991La Revanche de Cooler
60%
1995L’Attaque du dragon
57%
1993Les Mercenaires de l’espace
57%
1990Le Combat fratricide
54%
1995Fusions
51%
1989À la poursuite de Garlic
42%
1992Cent mille guerriers de métal
39%
1990Le Robot des glaces
39%
1991La Menace de Namek
38%
1992L'Offensive des cyborgs
35%
1994Rivaux dangereux
31%
1994Dragon Ball Z : Bio Broly
3%

Distribution des résultats

Percentile par nombre de réponses

% des personnes avec chaque résultat

Votre développement - résultats

Vous n’avez pas pris ce quiz